000 01140nam a2200325 c 4500
003 BLK
005 20241101092112.0
008 180412b bul|||||r ||||||| ||bul||
010 _aKNG00010318000
020 _a954-8858-01-0
_bиздат.: Регули
040 _aBLK
041 _aBUL
_cBUL
080 _aВещни права. Вещи. Имущества
_b347.2
_x(497.2)
_z347.2(497.2)
100 1 _aРусчев, Иван Русчев
_d1957 -
_gЮрист
_9117855
139 _aРусчев, Иван Русчев
_bР 96
245 1 0 _aОтговорността за евикция
_cИван Русчев Русчев.
257 _aBGR
260 София
_bРегули
_c1995
300 _a240 с.
_c20 см
380 _a3
500 _a3 000 тир. - Библиогр. с. 229-239
650 4 _aВещно право - България
_9242353
653 _aвещно право
852 _aЦб 185153
856 4 _qpdf
_u
856 4 _qpdf
_u
942 _cKNG
_n0
944 _aCR
_c15.01.2003
_k30560
_lГеновева Генчева
944 _aED
_c16.09.2015
_kВаля_Йорданова
999 _c8924
_d8924